00837 2200277 4500001002100000005001500021035002000036007000300056008004100059040001700100100002800117245011100145250001700256300006300273020002200336041000800358082001000366084001600376260003400392600003100426850001000457990002400467990002400491990002000515990002400535INLIS00000000000244920260602073746 a0010-0220000300ta260602 0  aSBPUPADbind0 aMuhammad Rifqi Fachrian1 aToleransi Antarumat Beragama Dalam Al-Qur'an :bTelaah Konsep Pendidikan Islam /cMuhammad Rifqi Fachrian aEd.1, Cet. 1 axxvi, 114 hlm. :bilus. ;c23 cmeBibliografi, hlm 115-119 a978-602-425-335-6 bind a971.1 a971.1 MUH t aDepok :bRajawali Pers,c2018 4aSejarah Umum Amerika Utara aPUPAD a34.162/DAK/DPK/2016 a34.161/DAK/DPK/2019 a34.160/DAK/2019 a34.159/DAK/DPK/2019